Retail Management <A> Strategic Approach
Na minha lista:
| Autor principal: | |
|---|---|
| Outros Autores: | , |
| Formato: | Livro |
| Idioma: | inglês |
| Publicado em: |
New York
Pearson
2018
|
| Edição: | 13th Edition |
| Colecção: | Always Learning
|
| Assuntos: | |
| Tags: |
Sem tags, seja o primeiro a adicionar uma tag!
|
MARC
| LEADER | 00000nam a2200000 4500 | ||
|---|---|---|---|
| 001 | 0264208 | ||
| 005 | 20240221114339.3 | ||
| 020 | |a 0-13-379684-1 | ||
| 020 | |a 978-0-13-379684-1 | ||
| 041 | 0 | |a eng | |
| 044 | |a US | ||
| 245 | 1 | 0 | |a Retail Management |b <A> Strategic Approach |c Barry Berman, Joel R. Evans, Patrali Chatterjee |
| 250 | |a 13th Edition | ||
| 264 | 1 | |a New York |b Pearson |c 2018 | |
| 300 | |a 572 s. | ||
| 490 | 1 | |a Always Learning | |
| 830 | 0 | |a Always Learning | |
| 610 | 2 | 0 | |a maloobchod |
| 610 | 2 | 0 | |a riadenie |
| 610 | 2 | 0 | |a organizácie |
| 610 | 2 | 0 | |a analýzy |
| 610 | 2 | 0 | |a zákazníci |
| 610 | 2 | 0 | |a informácie |
| 610 | 2 | 0 | |a podnikanie |
| 610 | 2 | 0 | |a riadenie ľudských zdrojov |
| 610 | 2 | 0 | |a plán |
| 610 | 2 | 0 | |a oceňovanie |
| 610 | 2 | 0 | |a komunikácia |
| 610 | 2 | 0 | |a kontroling |
| 100 | 1 | |a Berman, Barry | |
| 700 | 1 | |a Evans, Joel R. | |
| 700 | 1 | |a Chatterjee, Patrali | |